| 000 | 01215cam a22003254a 4500 | ||
|---|---|---|---|
| 001 | 13564594 | ||
| 003 | OSt | ||
| 005 | 20150408114019.0 | ||
| 008 | 040420s2004 gw a b 001 0 eng | ||
| 010 | _a 2004271823 | ||
| 020 | _a3131355913 (GTV) | ||
| 020 | _a1588902617 (TNY) | ||
| 040 |
_aDLC _cDLC _dDLC |
||
| 042 | _apcc | ||
| 050 | 0 | 0 |
_aRG527.5.U48 _bD647 2004 |
| 082 | 0 | 0 |
_a618.207543 _222 |
| 245 | 0 | 0 |
_aDoppler ultrasound in gynecology and obstetrics / _c[edited by] Christof Sohn, Hans-Joachim Voigt, Klaus Vetter ; translated by Oliver French. |
| 260 |
_aStuttgart ; _aNew York : _bThieme, _cc2004. |
||
| 300 |
_axvi, 221 p. : _bill. (some col.) ; _c28 cm. |
||
| 504 | _aIncludes bibliographical references and index. | ||
| 650 | 0 |
_aDoppler ultrasonography. _910930 |
|
| 650 | 0 |
_aUltrasonics in obstetrics. _910931 |
|
| 650 | 0 |
_aGenerative organs, Female _xUltrasonic imaging. _910932 |
|
| 650 | 0 |
_aFetus _xUltrasonic imaging. _910933 |
|
| 700 | 1 |
_aSohn, Christof. _910934 |
|
| 700 | 1 |
_aVoigt, Hans-Joachim. _910935 |
|
| 700 | 1 |
_aVetter, Klaus, _cM.D. _910936 |
|
| 942 |
_2ddc _cBOOK |
||
| 999 |
_c21866 _d256366 |
||